[Event "Stay Safe Play From Home 174"]
[Site "T#646332Emanuel Laske"]
[Date "2020.05.25"]
[Round "5"]
[White "Haris kollari 13"]
[Black "matanant"]
[Result "0-1"]
[WhiteElo "1884"]
[BlackElo "1686"]
[Annotator "NA"]
[PlyCount "82"]
[EventDate "2020.05.25"]
[EventType "swiss (blitz)"]

1. e4 {[%emt 0:00:01]} e5 {[%emt 0:00:20]} 2. f4 {[%emt 0:00:02]} d5 {[%emt 0:00:02]} 3. d4 {[%emt 0:00:01]} exd4 {[%emt 0:00:12]} 4. e5 {[%emt 0:00:01]} c5 {[%emt 0:00:01]} 5. Nf3 {[%emt 0:00:01]} Nc6 {[%emt 0:00:02]} 6. Be2 {[%emt 0:00:02]} Bg4 {[%emt 0:00:01]} 7. O-O {[%emt 0:00:02]} Nge7 {[%emt 0:00:04]} 8. Nxd4 {[%emt 0:00:02]} Bxe2 {[%emt 0:00:04]} 9. Nxe2 {[%emt 0:00:01]} d4 {[%emt 0:00:01]} 10. c3 {[%emt 0:00:01]} Nf5 {[%emt 0:00:03]} 11. g4 {[%emt 0:00:07]} Nh4 {[%emt 0:00:12]} 12. Ng3 {[%emt 0:00:20]} Be7 {[%emt 0:00:06]} 13. a3 {[%emt 0:00:11]} O-O {[%emt 0:00:02]} 14. c4 {[%emt 0:00:11]} Qd7 {[%emt 0:00:03]} 15. Bd2 {[%emt 0:00:05]} Bd8 {[%emt 0:00:08]} 16. Be1 {[%emt 0:00:03]} Ng6 {[%emt 0:00:07]} 17. h3 {[%emt 0:00:04]} Bh4 {[%emt 0:00:03]} 18. Nd2 {[%emt 0:00:07]} Bxg3 {[%emt 0:00:05]} 19. Bxg3 {[%emt 0:00:02]} h5 {[%emt 0:00:01]} 20. Ne4 {[%emt 0:00:07]} h4 {[%emt 0:00:02]} 21. Bh2 {[%emt 0:00:04]} b6 {[%emt 0:00:01]} 22. Qd3 {[%emt 0:00:13]} Rad8 {[%emt 0:00:03]} 23. Nd6 {[%emt 0:00:02]} Qc7 {[%emt 0:00:22]} 24. Rae1 {[%emt 0:00:02]} Qb8 {[%emt 0:00:02]} 25. Qe4 {[%emt 0:00:18]} Qa8 {[%emt 0:00:02]} 26. f5 {[%emt 0:00:08]} Nge7 {[%emt 0:00:04]} 27. e6 {[%emt 0:00:01]} f6 {[%emt 0:00:02]} 28. Nf7 {[%emt 0:00:09]} Rc8 {[%emt 0:00:04]} 29. Bd6 {[%emt 0:00:01]} Rfe8 {[%emt 0:00:03]} 30. Qf4 {[%emt 0:00:08]} Na5 {[%emt 0:00:06]} 31. Bxe7 {[%emt 0:00:09]} Rxe7 {[%emt 0:00:02]} 32. g5 {[%emt 0:00:01]} Nxc4 {[%emt 0:00:02]} 33. gxf6 {[%emt 0:00:01]} Rxf7 {[%emt 0:00:01]} 34. exf7+ {[%emt 0:00:02]} Kxf7 {[%emt 0:00:01]} 35. fxg7 {[%emt 0:00:01]} Ne3 {[%emt 0:00:03]} 36. Rxe3 {[%emt 0:00:02]} dxe3 {[%emt 0:00:01]} 37. f6 {[%emt 0:00:01]} e2 {[%emt 0:00:03]} 38. Re1 {[%emt 0:00:00]} Qb8 {[%emt 0:00:01]} 39. Qxh4 {[%emt 0:00:03]} Kg6 {[%emt 0:00:02]} 40. Qg4+ {[%emt 0:00:01]} Kxf6 {[%emt 0:00:01]} 41. Rxe2 {[%emt 0:00:01]} Rg8 {[%emt 0:00:04] Time (Lag: Av=0.70s, max=1.3s)} 0-1

[Event "Stay Safe Play From Home 174"]
[Site "T#646332Emanuel Laske"]
[Date "2020.05.25"]
[Round "5"]
[White "Lucknow"]
[Black "Archi-ak"]
[Result "0-1"]
[WhiteElo "1874"]
[BlackElo "1851"]
[Annotator "NA"]
[PlyCount "72"]
[EventDate "2020.05.25"]
[EventType "swiss (blitz)"]

1. d4 {[%emt 0:00:03]} Nf6 {[%emt 0:00:01]} 2. c4 {[%emt 0:00:01]} g6 {[%emt 0:00:01]} 3. Nc3 {[%emt 0:00:01]} Bg7 {[%emt 0:00:00]} 4. e4 {[%emt 0:00:01]} d6 {[%emt 0:00:00]} 5. f3 {[%emt 0:00:01]} O-O {[%emt 0:00:00]} 6. Be3 {[%emt 0:00:00]} h5 {[%emt 0:00:01]} 7. Bd3 {[%emt 0:00:02]} Nc6 {[%emt 0:00:01]} 8. Nge2 {[%emt 0:00:01]} e5 {[%emt 0:00:01]} 9. d5 {[%emt 0:00:01]} Ne7 {[%emt 0:00:01]} 10. Qd2 {[%emt 0:00:02]} Ne8 {[%emt 0:00:01]} 11. O-O {[%emt 0:00:14]} f5 {[%emt 0:00:01]} 12. exf5 {[%emt 0:00:00]} Bxf5 {[%emt 0:00:01]} 13. Ne4 {[%emt 0:00:03]} Bxe4 {[%emt 0:00:03]} 14. Bxe4 {[%emt 0:00:01]} Nf6 {[%emt 0:00:01]} 15. Nc3 {[%emt 0:00:01]} Nf5 {[%emt 0:00:04]} 16. Bxf5 {[%emt 0:00:09]} gxf5 {[%emt 0:00:00]} 17. b4 {[%emt 0:00:03]} f4 {[%emt 0:00:03]} 18. Bf2 {[%emt 0:00:01]} Rf7 {[%emt 0:00:03]} 19. Rac1 {[%emt 0:00:02]} Bf8 {[%emt 0:00:01]} 20. Kh1 {[%emt 0:00:03]} Rg7 {[%emt 0:00:01]} 21. c5 {[%emt 0:00:03]} Qe8 {[%emt 0:00:05]} 22. Rg1 {[%emt 0:00:18]} Qg6 {[%emt 0:00:05]} 23. cxd6 {[%emt 0:00:01]} cxd6 {[%emt 0:00:00]} 24. Nb5 {[%emt 0:00:02]} a6 {[%emt 0:00:02]} 25. Nc7 {[%emt 0:00:06]} Rc8 {[%emt 0:00:03]} 26. Ne6 {[%emt 0:00:01]} Rxc1 {[%emt 0:00:01]} 27. Qxc1 {[%emt 0:00:01]} Re7 {[%emt 0:00:01]} 28. Nxf8 {[%emt 0:00:11]} Kxf8 {[%emt 0:00:02]} 29. Qd2 {[%emt 0:00:02]} Qf7 {[%emt 0:00:05]} 30. Rc1 {[%emt 0:00:04]} Rc7 {[%emt 0:00:03]} 31. Rxc7 {[%emt 0:00:11]} Qxc7 {[%emt 0:00:00]} 32. g3 {[%emt 0:00:09]} Qc4 {[%emt 0:00:09]} 33. gxf4 {[%emt 0:00:08]} exf4 {[%emt 0:00:00]} 34. Bd4 {[%emt 0:00:12]} Qf1+ {[%emt 0:00:06]} 35. Bg1 {[%emt 0:00:03]} Qxf3+ {[%emt 0:00:01]} 36. Qg2 {[%emt 0:00:01]} Qxg2+ {[%emt 0:00:01]} 0-1

[Event "Stay Safe Play From Home 174"]
[Site "T#646332Emanuel Laske"]
[Date "2020.05.25"]
[Round "5"]
[White "Haxhi Baha"]
[Black "Tunca"]
[Result "1-0"]
[WhiteElo "1788"]
[BlackElo "1795"]
[Annotator "NA"]
[PlyCount "57"]
[EventDate "2020.05.25"]
[EventType "swiss (blitz)"]

1. e4 {[%emt 0:00:06]} Nf6 {[%emt 0:00:02]} 2. Nc3 {[%emt 0:00:05]} e6 {[%emt 0:00:01]} 3. d4 {[%emt 0:00:02]} Bb4 {[%emt 0:00:00]} 4. Bd3 {[%emt 0:00:07]} d5 {[%emt 0:00:02]} 5. e5 {[%emt 0:00:01]} Nfd7 {[%emt 0:00:04]} 6. Nf3 {[%emt 0:00:04]} c5 {[%emt 0:00:01]} 7. a3 {[%emt 0:00:01]} Ba5 {[%emt 0:00:03]} 8. dxc5 {[%emt 0:00:06]} Nxc5 {[%emt 0:00:01]} 9. b4 {[%emt 0:00:13]} Nxd3+ {[%emt 0:00:01]} 10. Qxd3 {[%emt 0:00:01]} Bb6 {[%emt 0:00:06]} 11. O-O {[%emt 0:00:01]} Nc6 {[%emt 0:00:03]} 12. Re1 {[%emt 0:00:03]} O-O {[%emt 0:00:02]} 13. Ng5 {[%emt 0:00:04]} g6 {[%emt 0:00:05]} 14. h4 {[%emt 0:00:04]} f6 {[%emt 0:00:13]} 15. exf6 {[%emt 0:00:10]} Qxf6 {[%emt 0:00:00]} 16. Nf3 {[%emt 0:00:01]} Bd7 {[%emt 0:00:10]} 17. Bb2 {[%emt 0:00:08]} Qf5 {[%emt 0:00:05]} 18. Qd2 {[%emt 0:00:04]} Qg4 {[%emt 0:00:02]} 19. Qg5 {[%emt 0:00:20]} Qc4 {[%emt 0:00:26]} 20. Qh6 {[%emt 0:00:10]} Nd4 {[%emt 0:00:19]} 21. Ng5 {[%emt 0:00:10]} Rf7 {[%emt 0:00:28]} 22. Nxf7 {[%emt 0:00:02]} Nf5 {[%emt 0:00:03]} 23. Qg5 {[%emt 0:00:05]} Kxf7 {[%emt 0:00:01]} 24. Rad1 {[%emt 0:00:10]} Qxh4 {[%emt 0:00:04]} 25. Qd2 {[%emt 0:00:01]} Qg4 {[%emt 0:00:02]} 26. Nxd5 {[%emt 0:00:03]} Nh4 {[%emt 0:00:05]} 27. Ne3 {[%emt 0:00:02]} Bxe3 {[%emt 0:00:03]} 28. Qxd7+ {[%emt 0:00:01]} Kg8 {[%emt 0:00:00]} 29. Qg7# {[%emt 0:00:09] (Lag: Av=0.58s, max=1.3s)} 1-0

[Event "Stay Safe Play From Home 174"]
[Site "T#646332Emanuel Laske"]
[Date "2020.05.25"]
[Round "5"]
[White "Trotsky"]
[Black "Aktürk"]
[Result "1-0"]
[WhiteElo "1551"]
[BlackElo "1467"]
[Annotator "NA"]
[PlyCount "53"]
[EventDate "2020.05.25"]
[EventType "swiss (blitz)"]

1. d4 {[%emt 0:00:02]} e6 {[%emt 0:00:00]} 2. e3 {[%emt 0:00:01]} Qf6 {[%emt 0:00:01]} 3. c4 {[%emt 0:00:01]} Nc6 {[%emt 0:00:02]} 4. Nc3 {[%emt 0:00:01]} Qg6 {[%emt 0:00:01]} 5. Nf3 {[%emt 0:00:04]} Nb4 {[%emt 0:00:01]} 6. e4 {[%emt 0:00:03]} b6 {[%emt 0:00:02]} 7. a3 {[%emt 0:00:01]} Nc6 {[%emt 0:00:02]} 8. Nh4 {[%emt 0:00:03]} Qf6 {[%emt 0:00:02]} 9. g3 {[%emt 0:00:01]} Bb7 {[%emt 0:00:03]} 10. Be3 {[%emt 0:00:01]} Nd8 {[%emt 0:00:05]} 11. Qc2 {[%emt 0:00:01]} h6 {[%emt 0:00:03]} 12. O-O-O {[%emt 0:00:01]} g5 {[%emt 0:00:01]} 13. Nf3 {[%emt 0:00:02]} Qxf3 {[%emt 0:00:01]} 14. Bd3 {[%emt 0:00:02]} Nf6 {[%emt 0:00:05]} 15. e5 {[%emt 0:00:02]} Nh5 {[%emt 0:00:04]} 16. d5 {[%emt 0:00:02]} exd5 {[%emt 0:00:10]} 17. cxd5 {[%emt 0:00:02]} Bxd5 {[%emt 0:00:04]} 18. Nxd5 {[%emt 0:00:03]} Qxd5 {[%emt 0:00:02]} 19. Be4 {[%emt 0:00:02]} Qc5 {[%emt 0:00:05]} 20. Bxc5 {[%emt 0:00:02]} Bxc5 {[%emt 0:00:07]} 21. Bxa8 {[%emt 0:00:02]} Nc6 {[%emt 0:00:03]} 22. Bxc6 {[%emt 0:00:04]} dxc6 {[%emt 0:00:01]} 23. Qd3 {[%emt 0:00:01]} O-O {[%emt 0:00:07]} 24. e6 {[%emt 0:00:02]} f6 {[%emt 0:00:02]} 25. Qg6+ {[%emt 0:00:01]} Ng7 {[%emt 0:00:02]} 26. Rd7 {[%emt 0:00:05]} b5 {[%emt 0:00:06]} 27. Qxg7# {[%emt 0:00:02] (Lag: Av=0.25s, max=0.3s)} 1-0

[Event "Stay Safe Play From Home 174"]
[Site "T#646332Emanuel Laske"]
[Date "2020.05.25"]
[Round "6"]
[White "Weltszmerc"]
[Black "Don59as"]
[Result "0-1"]
[WhiteElo "2138"]
[BlackElo "2077"]
[Annotator "NA"]
[PlyCount "156"]
[EventDate "2020.05.25"]
[EventType "swiss (blitz)"]

1. d4 {[%emt 0:00:05]} d5 {[%emt 0:00:01]} 2. Nf3 {[%emt 0:00:02]} e6 {[%emt 0:00:01]} 3. c4 {[%emt 0:00:01]} Nf6 {[%emt 0:00:01]} 4. g3 {[%emt 0:00:01]} g6 {[%emt 0:00:01]} 5. Bg2 {[%emt 0:00:01]} Bg7 {[%emt 0:00:00]} 6. O-O {[%emt 0:00:00]} O-O {[%emt 0:00:01]} 7. Nbd2 {[%emt 0:00:01]} a6 {[%emt 0:00:02]} 8. Qc2 {[%emt 0:00:02]} dxc4 {[%emt 0:00:03]} 9. Nxc4 {[%emt 0:00:00]} Nbd7 {[%emt 0:00:05]} 10. Rd1 {[%emt 0:00:07]} c6 {[%emt 0:00:04]} 11. Nfe5 {[%emt 0:00:05]} Nb6 {[%emt 0:00:05]} 12. Na5 {[%emt 0:00:07]} Nfd7 {[%emt 0:00:05]} 13. Nf3 {[%emt 0:00:18]} Nd5 {[%emt 0:00:05]} 14. Bd2 {[%emt 0:00:03]} N7f6 {[%emt 0:00:11]} 15. e4 {[%emt 0:00:02]} Nc7 {[%emt 0:00:06]} 16. a4 {[%emt 0:00:07]} Rb8 {[%emt 0:00:06]} 17. Bf4 {[%emt 0:00:07]} Nh5 {[%emt 0:00:01]} 18. Bg5 {[%emt 0:00:03]} f6 {[%emt 0:00:08]} 19. Be3 {[%emt 0:00:02]} f5 {[%emt 0:00:05]} 20. Bg5 {[%emt 0:00:06]} Qe8 {[%emt 0:00:05]} 21. Nc4 {[%emt 0:00:05]} Nf6 {[%emt 0:00:13]} 22. Nd6 {[%emt 0:00:04]} Qd7 {[%emt 0:00:09]} 23. e5 {[%emt 0:00:03]} Nfd5 {[%emt 0:00:06]} 24. Rac1 {[%emt 0:00:03]} Ne8 {[%emt 0:00:03]} 25. Nxc8 {[%emt 0:00:05]} Rxc8 {[%emt 0:00:02]} 26. Nd2 {[%emt 0:00:01]} h6 {[%emt 0:00:02]} 27. Be3 {[%emt 0:00:03]} Nec7 {[%emt 0:00:13]} 28. a5 {[%emt 0:00:02]} f4 {[%emt 0:00:01]} 29. gxf4 {[%emt 0:00:03]} Nxf4 {[%emt 0:00:01]} 30. Bxf4 {[%emt 0:00:04]} Rxf4 {[%emt 0:00:01]} 31. Ne4 {[%emt 0:00:06]} Rcf8 {[%emt 0:00:06]} 32. Rd3 {[%emt 0:00:06]} Nd5 {[%emt 0:00:03]} 33. Qd2 {[%emt 0:00:06]} g5 {[%emt 0:00:01]} 34. Rf1 {[%emt 0:00:05]} Qf7 {[%emt 0:00:01]} 35. Nd6 {[%emt 0:00:03]} Qg6 {[%emt 0:00:01]} 36. Rg3 {[%emt 0:00:09]} Rh4 {[%emt 0:00:07]} 37. Qe2 {[%emt 0:00:02]} Nf4 {[%emt 0:00:01]} 38. Qe4 {[%emt 0:00:04]} Qxe4 {[%emt 0:00:01]} 39. Bxe4 {[%emt 0:00:01]} Ne2+ {[%emt 0:00:01]} 40. Kg2 {[%emt 0:00:01]} Nxg3 {[%emt 0:00:01]} 41. hxg3 {[%emt 0:00:00]} Rxe4 {[%emt 0:00:04]} 42. Nxe4 {[%emt 0:00:00]} Rd8 {[%emt 0:00:01]} 43. Nd6 {[%emt 0:00:02]} Rd7 {[%emt 0:00:01]} 44. f4 {[%emt 0:00:01]} Bf8 {[%emt 0:00:01]} 45. Kf3 {[%emt 0:00:03]} Bxd6 {[%emt 0:00:01]} 46. exd6 {[%emt 0:00:00]} Rxd6 {[%emt 0:00:00]} 47. Ke4 {[%emt 0:00:00]} Rd5 {[%emt 0:00:00]} 48. fxg5 {[%emt 0:00:01]} hxg5 {[%emt 0:00:00]} 49. Rf6 {[%emt 0:00:01]} Rxa5 {[%emt 0:00:01]} 50. Rxe6 {[%emt 0:00:01]} Rb5 {[%emt 0:00:01]} 51. Rg6+ {[%emt 0:00:02]} Kf7 {[%emt 0:00:00]} 52. Rd6 {[%emt 0:00:01]} Rxb2 {[%emt 0:00:00]} 53. g4 {[%emt 0:00:00]} a5 {[%emt 0:00:01]} 54. Kf5 {[%emt 0:00:01]} a4 {[%emt 0:00:01]} 55. Rd8 {[%emt 0:00:01]} a3 {[%emt 0:00:01]} 56. Ra8 {[%emt 0:00:01]} a2 {[%emt 0:00:01]} 57. Kxg5 {[%emt 0:00:00]} b5 {[%emt 0:00:02]} 58. Ra7+ {[%emt 0:00:01]} Ke6 {[%emt 0:00:01]} 59. Kg6 {[%emt 0:00:00]} b4 {[%emt 0:00:01]} 60. g5 {[%emt 0:00:00]} b3 {[%emt 0:00:00]} 61. Ra6 {[%emt 0:00:00]} Kd5 {[%emt 0:00:02]} 62. Kg7 {[%emt 0:00:01]} Rb1 {[%emt 0:00:01]} 63. g6 {[%emt 0:00:01]} a1=Q {[%emt 0:00:02]} 64. Rxa1 {[%emt 0:00:00]} Rxa1 {[%emt 0:00:00]} 65. Kf7 {[%emt 0:00:00]} Rg1 {[%emt 0:00:00]} 66. g7 {[%emt 0:00:01]} Rxg7+ {[%emt 0:00:01]} 67. Kxg7 {[%emt 0:00:00]} Kxd4 {[%emt 0:00:00]} 68. Kf6 {[%emt 0:00:00]} c5 {[%emt 0:00:00]} 69. Ke6 {[%emt 0:00:00]} b2 {[%emt 0:00:00]} 70. Kd6 {[%emt 0:00:00]} b1=Q {[%emt 0:00:00]} 71. Ke6 {[%emt 0:00:00]} c4 {[%emt 0:00:00]} 72. Kd6 {[%emt 0:00:00]} c3 {[%emt 0:00:00]} 73. Ke6 {[%emt 0:00:00]} c2 {[%emt 0:00:00]} 74. Kd6 {[%emt 0:00:00]} c1=Q {[%emt 0:00:00]} 75. Ke7 {[%emt 0:00:00]} Qc5+ {[%emt 0:00:00]} 76. Kf6 {[%emt 0:00:00]} Qbb6+ {[%emt 0:00:01]} 77. Kf7 {[%emt 0:00:00]} Qcc7+ {[%emt 0:00:01]} 78. Kf8 {[%emt 0:00:00]} Qbb8# {[%emt 0:00:00] (Lag: Av=0.85s, max=1.6s)} 0-1

[Event "Stay Safe Play From Home 174"]
[Site "T#646332Emanuel Laske"]
[Date "2020.05.25"]
[Round "6"]
[White "Lazieri3"]
[Black "Lucknow"]
[Result "1-0"]
[WhiteElo "2027"]
[BlackElo "1856"]
[Annotator "TA"]
[PlyCount "101"]
[EventDate "2020.05.25"]
[EventType "swiss (blitz)"]

{[%evp 9,101,-2,-5,-22,-25,-20,-14,-23,-12,-20,-19,-30,-28,-33,-33,-36,-18,-57,-59,-50,-19,-190,-196,-416,-266,-332,-127,-253,-139,-132,-101,-163,-98,-85,-93,-175,-20,-28,-28,-37,-21,-54,-37,-29,-22,-29,-20,-21,-24,-30,-29,-25,-2,-27,0,-93,-90,-90,0,0,0,0,0,-11,113,112,125,38,112,113,98,0,0,0,0,0,0,0,8,0,0,0,0,0,0,0,0,0,113,91,335,311,1025,322]} 1. e4 c5 2. Nc3 d6 3. d3 Nf6 4. Nf3 Nc6 5. Bg5 e6 6. h3 {B50: Sicilian: 2...d6, Miscellaneous.} Be7 7. Be2 a6 8. O-O {The position is equal.} Qc7 {[#]} 9. Bh4 $146 ({Predecessor:} 9. Re1 b5 10. a3 Bb7 11. d4 cxd4 12. Nxd4 O-O 13. Nf3 Rfd8 14. Bd3 Na5 15. Qd2 {0-1 (32) Bielinski,R-Rykala,M (1747) Polanica Zdroj 2010}) 9... b5 10. a3 Bb7 11. Qd2 h6 12. Rfe1 Nd4 13. Nxd4 cxd4 14. Nd1 Rc8 15. Bg3 $2 (15. c3 $11 {and White is okay.}) 15... Qxc2 $19 16. Qf4 $2 (16. Qxc2 Rxc2 17. f4) 16... O-O 17. e5 Nd5 $2 (17... dxe5 $19 18. Qxe5 Rfd8) 18. Qg4 (18. Qxd4 $17 {might work better.} dxe5 19. Bxe5) 18... dxe5 (18... Qd2 $19 19. Kf1 Rfd8 20. Qxd4 dxe5 21. Qxe5 Bf6) 19. Bxe5 $17 {[%csl Ge5][%cal Rg4g7]} Bf6 20. Qxd4 {[#]} (20. Bxf6 $17 Nxf6 21. Qxd4) 20... Rfd8 (20... Qd2 $1 $19 {[%cal Rd2e1]} 21. Ne3 Nxe3 22. fxe3 Rfd8) 21. Bxf6 Nxf6 22. Qb4 (22. Qe5 $17) 22... Qc5 $2 (22... Nd5 $19 23. Qh4 Qd2) 23. Qxc5 $11 Rxc5 24. Ne3 Nd5 25. Nxd5 Rcxd5 26. Rac1 R5d7 27. Rc3 Kf8 28. Rec1 Ke7 29. Kf1 Bd5 30. f4 f6 31. Kf2 Kd6 32. Ke3 (32. Bf3 $11) 32... Bxg2 $17 33. h4 Bh3 (33... Bd5 $17) 34. Rc6+ $11 Ke7 35. Rxa6 Bf5 {[%cal Rf5d3]} 36. Rc3 Rd6 (36... g5 $11 {remains equal.}) 37. Rc7+ $16 R6d7 38. Raa7 (38. Rxd7+ $16 Rxd7 39. Rb6) 38... Rxc7 (38... g5 $14) 39. Rxc7+ Rd7 {[#]} 40. Rxd7+ ({Better is} 40. Rc5 $1 $16) 40... Kxd7 {[%mdl 4096] Endgame KB-KB} 41. d4 Kc6 42. Bf3+ Kb6 43. Be4 {Threatens to win with Bxf5.} Bh3 44. Bc2 Bf1 45. Bb3 Bh3 46. a4 bxa4 47. Bxa4 Bf5 48. Bd7 Bg4 {[#]} (48... Kc7 $11 {keeps the balance.} 49. Bb5 Kd6) 49. d5 $1 {[%mdl 512]} Bf5 $2 (49... Kc7 $16 50. Bxe6 Bh5) (49... exd5 50. Bxg4) 50. Bxe6 $18 Bb1 $2 (50... Bc2 51. Kd4 g6) 51. Kd4 $2 {Quite a comeback for White. Accuracy: White = 59%, Black = 47%.} (51. d6 Bc2 52. Kd4) 1-0

[Event "Stay Safe Play From Home 174"]
[Site "T#646332Emanuel Laske"]
[Date "2020.05.25"]
[Round "6"]
[White "Kongle"]
[Black "Trotsky"]
[Result "1/2-1/2"]
[WhiteElo "1879"]
[BlackElo "1564"]
[Annotator "NA"]
[PlyCount "55"]
[EventDate "2020.05.25"]
[EventType "swiss (blitz)"]

1. d4 {[%emt 0:00:02]} d5 {[%emt 0:00:02]} 2. c4 {[%emt 0:00:01]} e6 {[%emt 0:00:01]} 3. Nc3 {[%emt 0:00:01]} c5 {[%emt 0:00:01]} 4. cxd5 {[%emt 0:00:04]} exd5 {[%emt 0:00:01]} 5. e3 {[%emt 0:00:01]} Be6 {[%emt 0:00:01]} 6. Nf3 {[%emt 0:00:02]} Nc6 {[%emt 0:00:01]} 7. Bb5 {[%emt 0:00:01]} Qc7 {[%emt 0:00:03]} 8. Ne5 {[%emt 0:00:05]} Bd6 {[%emt 0:00:02]} 9. Nxc6 {[%emt 0:00:02]} bxc6 {[%emt 0:00:01]} 10. Bd3 {[%emt 0:00:00]} c4 {[%emt 0:00:01]} 11. Bc2 {[%emt 0:00:01]} Nf6 {[%emt 0:00:01]} 12. h3 {[%emt 0:00:04]} h5 {[%emt 0:00:01]} 13. O-O {[%emt 0:00:01]} Ng4 {[%emt 0:00:01]} 14. hxg4 {[%emt 0:00:04]} hxg4 {[%emt 0:00:01]} 15. g3 {[%emt 0:00:02]} Bxg3 {[%emt 0:00:01]} 16. Qe2 {[%emt 0:00:13]} Bh2+ {[%emt 0:00:05]} 17. Kg2 {[%emt 0:00:04]} Bd6 {[%emt 0:00:08]} 18. Bd2 {[%emt 0:00:07]} Rh2+ {[%emt 0:00:05]} 19. Kg1 {[%emt 0:00:03]} O-O-O {[%emt 0:00:03]} 20. e4 {[%emt 0:00:09]} Rdh8 {[%emt 0:00:03]} 21. e5 {[%emt 0:00:05]} Rh1+ {[%emt 0:00:07]} 22. Kg2 {[%emt 0:00:03]} R8h2+ {[%emt 0:00:01]} 23. Kg3 {[%emt 0:00:01]} Rh3+ {[%emt 0:00:01]} 24. Kg2 {[%emt 0:00:01]} R1h2+ {[%emt 0:00:13]} 25. Kg1 {[%emt 0:00:02]} Rh1+ {[%emt 0:00:05]} 26. Kg2 {[%emt 0:00:01]} R1h2+ {[%emt 0:00:01]} 27. Kg1 {[%emt 0:00:01]} Rh1+ {[%emt 0:00:01]} 28. Kg2 {[%emt 0:00:01] (Lag: Av=0.47s, max=0.8s)} 1/2-1/2

[Event "Stay Safe Play From Home 174"]
[Site "T#646332Emanuel Laske"]
[Date "2020.05.25"]
[Round "6"]
[White "Archi-ak"]
[Black "Haxhi Baha"]
[Result "0-1"]
[WhiteElo "1869"]
[BlackElo "1806"]
[Annotator "NA"]
[PlyCount "84"]
[EventDate "2020.05.25"]
[EventType "swiss (blitz)"]

1. e4 {[%emt 0:00:01]} e6 {[%emt 0:00:09]} 2. d4 {[%emt 0:00:02]} d6 {[%emt 0:00:00]} 3. Nc3 {[%emt 0:00:03]} Nf6 {[%emt 0:00:01]} 4. Be3 {[%emt 0:00:02]} c6 {[%emt 0:00:03]} 5. Bd3 {[%emt 0:00:05]} Be7 {[%emt 0:00:05]} 6. f4 {[%emt 0:00:07]} Nbd7 {[%emt 0:00:01]} 7. Nf3 {[%emt 0:00:01]} Qa5 {[%emt 0:00:02]} 8. h3 {[%emt 0:00:02]} b5 {[%emt 0:00:03]} 9. Qd2 {[%emt 0:00:02]} Bb7 {[%emt 0:00:07]} 10. f5 {[%emt 0:00:10]} b4 {[%emt 0:00:08]} 11. Ne2 {[%emt 0:00:03]} e5 {[%emt 0:00:24]} 12. dxe5 {[%emt 0:00:15]} Nxe5 {[%emt 0:00:00]} 13. Nxe5 {[%emt 0:00:01]} dxe5 {[%emt 0:00:01]} 14. O-O {[%emt 0:00:19]} c5 {[%emt 0:00:04]} 15. Ng3 {[%emt 0:00:23]} Rd8 {[%emt 0:00:05]} 16. Qe2 {[%emt 0:00:06]} O-O {[%emt 0:00:07]} 17. Bd2 {[%emt 0:00:36]} Rxd3 {[%emt 0:00:12]} 18. cxd3 {[%emt 0:00:09]} Ba6 {[%emt 0:00:01]} 19. Be3 {[%emt 0:00:05]} Rd8 {[%emt 0:00:03]} 20. Rfd1 {[%emt 0:00:01]} h6 {[%emt 0:00:05]} 21. b3 {[%emt 0:00:04]} Qb5 {[%emt 0:00:07]} 22. Rd2 {[%emt 0:00:01]} Bb7 {[%emt 0:00:15]} 23. Rc1 {[%emt 0:00:07]} a5 {[%emt 0:00:01]} 24. Rdc2 {[%emt 0:00:02]} Qxd3 {[%emt 0:00:13]} 25. Qxd3 {[%emt 0:00:01]} Rxd3 {[%emt 0:00:00]} 26. Bxc5 {[%emt 0:00:00]} Bxc5+ {[%emt 0:00:04]} 27. Rxc5 {[%emt 0:00:01]} Rxg3 {[%emt 0:00:04]} 28. Rxa5 {[%emt 0:00:00]} Bxe4 {[%emt 0:00:01]} 29. Rc8+ {[%emt 0:00:02]} Kh7 {[%emt 0:00:01]} 30. Rb5 {[%emt 0:00:00]} Rxg2+ {[%emt 0:00:01]} 31. Kf1 {[%emt 0:00:01]} Nh5 {[%emt 0:00:01]} 32. Rbb8 {[%emt 0:00:01]} Ng3+ {[%emt 0:00:02]} 33. Ke1 {[%emt 0:00:01]} Bxf5 {[%emt 0:00:08]} 34. Rh8+ {[%emt 0:00:02]} Kg6 {[%emt 0:00:00]} 35. Rhg8 {[%emt 0:00:00]} Re2+ {[%emt 0:00:03]} 36. Kd1 {[%emt 0:00:01]} Bc2+ {[%emt 0:00:01]} 37. Kc1 {[%emt 0:00:01]} Nf5 {[%emt 0:00:01]} 38. Rgd8 {[%emt 0:00:00]} Ne3 {[%emt 0:00:03]} 39. Kb2 {[%emt 0:00:00]} Bf5+ {[%emt 0:00:02]} 40. Ka1 {[%emt 0:00:00]} Nc2+ {[%emt 0:00:02]} 41. Kb1 {[%emt 0:00:01]} Na3+ {[%emt 0:00:00]} 42. Kc1 {[%emt 0:00:00]} Rc2+ {[%emt 0:00:01] Time (Lag: Av=1.15s, max=1.8s) .} 0-1

[Event "Stay Safe Play From Home 174"]
[Site "T#646332Emanuel Laske"]
[Date "2020.05.25"]
[Round "6"]
[White "Patzeroglu"]
[Black "Greblah"]
[Result "1-0"]
[WhiteElo "1850"]
[BlackElo "1911"]
[PlyCount "63"]
[EventDate "2020.05.25"]
[EventType "swiss (blitz)"]

1. e4 {[%emt 0:00:03]} c6 {[%emt 0:00:00]} 2. d4 {[%emt 0:00:09]} d5 {[%emt 0:00:00]} 3. Nc3 {[%emt 0:00:02]} c5 {[%emt 0:00:01]} 4. exd5 {[%emt 0:00:17]} cxd4 {[%emt 0:00:02]} 5. Qxd4 {[%emt 0:00:02]} Nf6 {[%emt 0:00:01]} 6. Be3 {[%emt 0:00:06]} Bd7 {[%emt 0:00:02]} 7. Nf3 {[%emt 0:00:04]} g6 {[%emt 0:00:01]} 8. O-O-O {[%emt 0:00:06]} Bg7 {[%emt 0:00:01]} 9. Ne5 {[%emt 0:00:03]} O-O {[%emt 0:00:04]} 10. h3 {[%emt 0:00:08]} Bf5 {[%emt 0:00:03]} 11. g4 {[%emt 0:00:03]} Bc8 {[%emt 0:00:01]} 12. Bg2 {[%emt 0:00:03]} Nfd7 {[%emt 0:00:02]} 13. f4 {[%emt 0:00:02]} f6 {[%emt 0:00:02]} 14. Nc6 {[%emt 0:00:06]} Qe8 {[%emt 0:00:16]} 15. Qc4 {[%emt 0:00:06]} Kh8 {[%emt 0:00:05]} 16. Nd4 {[%emt 0:00:05]} Nb6 {[%emt 0:00:01]} 17. Qb3 {[%emt 0:00:06]} Bd7 {[%emt 0:00:04]} 18. f5 {[%emt 0:00:03]} Na6 {[%emt 0:00:06]} 19. Ne6 {[%emt 0:00:02]} Bxe6 {[%emt 0:00:05]} 20. dxe6 {[%emt 0:00:00]} gxf5 {[%emt 0:00:11]} 21. Bxb7 {[%emt 0:00:07]} fxg4 {[%emt 0:00:12]} 22. hxg4 {[%emt 0:00:09]} Nc7 {[%emt 0:00:06]} 23. Be4 {[%emt 0:00:04]} h6 {[%emt 0:00:03]} 24. Bxh6 {[%emt 0:00:10]} Bxh6+ {[%emt 0:00:02]} 25. Rxh6+ {[%emt 0:00:02]} Kg7 {[%emt 0:00:01]} 26. Rh7+ {[%emt 0:00:04]} Kg8 {[%emt 0:00:01]} 27. Rdh1 {[%emt 0:00:02]} f5 {[%emt 0:00:09]} 28. Bxf5 {[%emt 0:00:06]} Qc6 {[%emt 0:00:19]} 29. Ne4 {[%emt 0:00:07]} Rxf5 {[%emt 0:00:07]} 30. gxf5 {[%emt 0:00:07]} Qxe4 {[%emt 0:00:01]} 31. Qg3+ {[%emt 0:00:02]} Kf8 {[%emt 0:00:02]} 32. Rh8# {[%emt 0:00:04] (Lag: Av=0.51s, max=1.2s)} 1-0